000 00301nam a22001337a 4500
008 171005b xxu||||| |||| 00| 0 eng d
020 _a9780875814308
041 _aeng
080 _26TH
_a159.9
100 _a49
101 _aPSI
245 _aCURRENT PSYCHOTHERAPIES
_cCORSINI,R.J
942 _2udc
_cBK
999 _c32033
_d32033